Statystyki dla Morza na mapie świata

Kliknij tutaj aby rozwiązać quiz!

Ogólne statystyki

  • Ten quiz został rozwiązany 3 877 razy
  • Średni wynik to 10 z 15

Odpowiedzi na mapie

Odpowiedzi skodowane kolorowo w zielono-czerwonej skali na mapie do tego quizu, zgodnie z poniższymi procentami.
Ładowanie ...
 

Statystyki odpowiedzi

Morze% Poprawnych
Morze Bałtyckie
99%
Morze Czarne
96%
Morze Czerwone
89%
Morze Śródziemne
89%
Morze Północne
84%
Morze Kaspijskie
78%
Morze Karaibskie
77%
Morze Japońskie
67%
Morze Adriatyckie
64%
Morze Arabskie
62%
Morze Egejskie
59%
Morze Beringa
47%
Morze Południowochińskie
44%
Morze Wschodniochińskie
34%
Morze Tasmana
31%

Rozkład punktacji

Percentyl według liczby udzielonych odpowiedzi

Procent ludzi z każdym wynikiem

Twoja historia wyników

Nie rozwiązałeś tego quizu